|
|
|
|
| LEADER |
01369nam a22002657a 4500 |
| 001 |
38330 |
| 003 |
BD-DhAAL |
| 008 |
220411r20011975ii a|||| |||| 001 0 ben d |
| 999 |
|
|
|c 44039
|d 44039
|
| 020 |
|
|
|a 8126011173
|
| 040 |
|
|
|a BD-DhAAL
|c BD-DhAAL
|
| 041 |
|
|
|a ben
|
| 082 |
|
|
|a 891.4412
|2 23
|
| 245 |
|
|
|a কবিকঙ্কণ মুকুন্দ-বিরচিত চণ্ডীমঙ্গল /
|c সুকুমার সেন সম্পাদিত
|
| 260 |
|
|
|a কলকাতা :
|b সাহিত্য অকাডেমি,
|c ১৯৭৫ [চতুর্থ মুদ্রণ ২০০১].
|
| 300 |
|
|
|a ৪১২ পৃষ্ঠা :
|b চিত্র ;
|c ২৫ সে.মি.
|
| 500 |
|
|
|a নির্ঘণ্ট অন্তর্ভুক্ত।
|
| 500 |
|
|
|a ভূমিকা পাঠান্তর ও মন্তব্য এবং শব্দার্থ সংবলিত
|
| 541 |
|
|
|a Donated By Akbar Ali Khan
|e 38330
|
| 650 |
|
|
|a Caṇḍi (Hindu deity)
|v Poetry.
|9 47886
|
| 650 |
|
|
|a Caṇḍi (Hindu deity).
|9 47887
|
| 700 |
|
|
|a সেন, সুকুমার
|9 47888
|
| 852 |
|
|
|a Ayesha Abed Library
|c Akbar Ali Khan Collection
|
| 942 |
|
|
|2 ddc
|c BK
|
| 952 |
|
|
|0 0
|1 0
|2 ddc
|4 0
|6 891_441200000000000_KAB
|7 1
|9 70490
|a BRACUL
|b BRACUL
|c CS1
|d 2022-04-11
|e Donated by Akbar Ali Khan
|l 0
|o 891.4412 KAB
|p 3010038330
|r 2022-04-11
|t 1
|w 2022-04-11
|y BK
|